| 000 | 00472nam a2200181 i 4500 | ||
|---|---|---|---|
| 001 | 64907 | ||
| 003 | ES-MaACL | ||
| 005 | 20230906165241.0 | ||
| 007 | t| | ||
| 008 | 040107s1923 fr af |||| |bfre d | ||
| 080 | _a75Renoir | ||
| 100 | 1 |
_aFosca, François. _951889 |
|
| 245 | 1 | 0 |
_aRenoir / _cpar François Fosca. |
| 260 |
_aParis : _bF. Rieder, _c1923. |
||
| 300 |
_a63 p., 4 lám. ; _c20 cm. |
||
| 600 | 1 | 4 |
_aRenoir, Pierre-Auguste. _9145174 |
| 852 |
_aES-MaACL _jD-601 |
||
| 999 |
_c64907 _d64907 |
||